Jim Belushi Filmography - Statistics

General Stats
  • This quiz has been taken 20 times
    4 since last reset
  • The average score is 12 of 178
Answer Stats
Type Year Name % Correct
Film 1986 "About Last Night..."
50%
Film 2002 K-9: P.I.
50%
Film 1986 Salvador
50%
Film 1978 The Fury
50%
Film 1985 The Man with One Red Shoe
50%
Film 1981 Thief
50%
Film 1983 Trading Places
50%
Film 1991 Abraxas, Guardian of the Universe
25%
Film 1995 Canadian Bacon
25%
Film 1991 Curly Sue
25%
Film 1995 Destiny Turns on the Radio
25%
Film 1992 Diary of a Hitman
25%
Film 2024 Fight Another Day
25%
Film 1989 Homer and Eddie
25%
Film 1995 Irving
25%
Film 1996 Jingle All the Way
25%
Film 1986 Jumpin' Jack Flash
25%
Film 1989 K-9
25%
Film 1993 Last Action Hero
25%
Film 1986 Little Shop of Horrors
25%
Film 1990 Masters of Menace
25%
Film 1996 Mighty Ducks the Movie: The First Face-Off
25%
Film 1990 Mr. Destiny
25%
Film 2011 New Year's Eve
25%
Film 1992 Once Upon a Crime
25%
Film 1991 Only the Lonely
25%
Film 1996 Race the Sun
25%
Film 1987 Real Men
25%
Film 1988 Red Heat
25%
Film 1997 Retroactive
25%
TV Show 1983-1985 Saturday Night Live
25%
Film 1995 Separate Lives
25%
Film 2025 Song Sung Blue
25%
Film 1990 Taking Care of Business
25%
Film 1990 The Palermo Connection
25%
Film 1995 The Pebble and the Penguin
25%
Film 1987 The Principal
25%
Film 1992 Traces of Red
25%
Film 1989 Wedding Band
25%
Film 1989 Who's Harry Crumb?
25%
Music Video 1991 2 Legit 2 Quit
0%
Video Game 1996 9: The Last Resort
0%
TV Show 1994-1997 Aaahh!!! Real Monsters
0%
TV Show 2001-2009 According to Jim
0%
Film 2017 A Change of Heart
0%
Documentary Series 2024 A History of the World in Six Glasses
0%
Film 1999 Angel's Dance
0%
Film 1997 Babes in Toyland
0%
Film 1997 Bad Baby
0%
TV Show 2000-2001 Beggars and Choosers
0%
Documentary 2020 Belushi
0%
Theater 2011 Born Yesterday
0%
TV Show 1997 Bruno the Kid
0%
TV Mini-Series 2015 Building Belushi
0%
TV Film 2006 Casper's Scare School
0%
Film TBA Catch the Wind
0%
Music Video 2003 Celebrity
0%
Theater 1993 Conversations with My Father
0%
Film 2011 Cougars, Inc.
0%
TV Show 1997 Cow and Chicken
0%
TV Special 2002 Dear Santa
0%
TV Show 1998 Disney's Hercules: The Animated Series
0%
TV Show 2012 Doc McStuffins
0%
TV Film 1997 Dog's Best Friend
0%
TV Show 1995 Duckman: Private Dick/Family Man
0%
Short Film 2004 DysEnchanted
0%
Film 2003 Easy Six
0%
TV Show 2001 ER
0%
TV Show 1984 Faerie Tale Theatre
0%
Film 2007 Farce of the Penguins
0%
TV Show 2005 Fatherhood
0%
Film 1997 Gang Related
0%
TV Show 1995, 1996 Gargoyles
0%
TV Show 2005 George Lopez
0%
Film 2022 Gigi & Nate
0%
Film 1996 Gold in the Streets
0%
Web Series 2015-2016 Good Girls Revolt
0%
Video Game 1997 Goosebumps: Attack of the Mutant
0%
TV Show 2020-2023 Growing Belushi
0%
Film TBA Guttermuckers
0%
TV Show 2009 Handy Manny
0%
TV Show 1996, 1997, 1998, 1999 Hey Arnold!
0%
TV Film 2017 Hey Arnold!: The Jungle Movie
0%
Film 2015 Home Sweet Hell
0%
Film 2005 Hoodwinked!
0%
TV Short 1999 Hooves of Fire
0%
TV Show 2003 I'm with Her
0%
TV Show 1997 It's Good to Be King
0%
Film 2001 Joe Somebody
0%
Documentary 2010 John Belushi: Dancing on the Edge
0%
Commercial 2003 Johnsonville Brats
0%
TV Film 1999 Justice
0%
Film 1999 K-911
0%
TV Show 1996 KaBLaM!
0%
Film TBA Karate Ghost
0%
Film 2016 Katie Says Goodbye
0%
TV Show 1982 Laverne & Shirley
0%
Film 2013 Legends of Oz: Dorothy's Return
0%
TV Show 2004 Less than Perfect
0%
TV Show 1997 Life with Louie
0%
Film 1997 Living in Peril
0%
TV Short 2006 Lolo's Cafe
0%
Film 1999 Made Men
0%
TV Show 2003 MADtv
0%
TV Pilot 2017 Mating
0%
TV Show 2006 Me, Eloise
0%
TV Show 1996-1997 Mighty Ducks: The Animated Series
0%
TV Show 2005 My Crazy Life
0%
Film 2005 My Neighbors the Yamadas
0%
Short Film 2007 Once Upon a Christmas Village
0%
Film 2002 One Way Out
0%
Film 1998 Overnight Delivery
0%
TV Show 2003 Ozzy & Drix
0%
TV Film 1994 Parallel Lives
0%
TV Show 1995 Pinky and the Brain
0%
Film 2002 Pinocchio
0%
Film 2000 Return to Me
0%
TV Short 2002 Robbie the Reindeer in Legend of the Lost Tribe
0%
TV Film 1994 Royce
0%
TV Show 2002 Rugrats
0%
TV Film 1995 Sahara
0%
TV Pilot 2018 Salvage
0%
TV Show 1995 Santo Bugito
0%
Film 2008 Scooby-Doo! and the Goblin King
0%
TV Documentary 2001 Second to None
0%
TV Show 2015 Serious Business
0%
Theater 1979 Sexual Perversity in Chicago
0%
TV Mini-Series 2015 Show Me a Hero
0%
TV Special 2025 SNL50: The Anniversary Special
0%
Film 2008 Snow Buddies
0%
Film 2002 Snow Dogs
0%
Film 2017 Sollers Point
0%
TV Film 2014 Stan Lee's Mighty 7
0%
Video Game TBA Star Guardians
0%
TV Show 1998 Stories from My Childhood
0%
TV Short 1985 Tab Lloyd: Investigative Reporter
0%
TV Show 2016 The 7D
0%
TV Show 2002, 2003, 2006 The Adventures of Jimmy Neutron: Boy Genius
0%
TV Film 1984 The Best Legs in the Eighth Grade
0%
TV Film 1986 The Birthday Boy
0%
TV Show 1997 The Blues Brothers Animated Series
0%
TV Show 1993 The Building
0%
Film 2025 The Chronology of Water
0%
Short Film 1980 The Cleansing
0%
TV Show 2010-2011 The Defenders
0%
Film 1999 The Florentine
0%
TV Show 1992 The Full Wax
0%
TV Pilot 1996 The Gail O'Grady Project
0%
Film 2010 The Ghost Writer
0%
Film 2016 The Hollow Point
0%
TV Show 1997, 1998 The Larry Sanders Show
0%
TV Show 1995 The Louie N' Louie Show
0%
Film 1999 The Nuttiest Nutcracker
0%
Theater 1981-1982 The Pirates of Penzance
0%
Film 2013 The Secret Lives of Dorks
0%
TV Show 1996 The Tick
0%
TV Show 1995 The Twisted Tales of Felix the Cat
0%
Film 2016 The Whole Truth
0%
Film 2006 The Wild
0%
Film 2012 Thunderstruck
0%
TV Show 1996 Timon & Pumbaa
0%
TV Show 1997 Total Security
0%
TV Show 2015, 2016 TripTank
0%
Web Series 2019 Trolls: The Beat Goes On!
0%
Theater 1982-1984 True West
0%
Film 2006 Tugger: The Jeep 4x4 Who Wanted to Fly
0%
TV Show 2017 Twin Peaks
0%
Film 2007 Underdog
0%
Film 2016 Undrafted
0%
TV Pilot 2015 Urban Cowboy
0%
Film 1997 Wag the Dog
0%
TV Show 2002 What's New, Scooby-Doo?
0%
TV Film 2000 Who Killed Atlanta's Children?
0%
TV Show 1978-1979 Who's Watching the Kids?
0%
TV Mini-Series 1993 Wild Palms
0%
Film 2017 Wonder Wheel
0%
TV Show 1979 Working Stiffs
0%
No matching quizzes found
Score Distribution
Percent of People with Each Score
Percentile by Number Answered
Your Score History
You have not taken this quiz since the last reset